हिन्दू पंच (Record no. 927385)

MARC details
000 -LEADER
fixed length control field 00886nam a2200241Ia 4500
003 - CONTROL NUMBER IDENTIFIER
control field OSt
005 - DATE AND TIME OF LATEST TRANSACTION
control field 20221002055336.0
008 - FIXED-LENGTH DATA ELEMENTS--GENERAL INFORMATION
fixed length control field 220930b |||||||| |||| 00| 0 hin d
037 ## - SOURCE OF ACQUISITION
Terms of availability Reference Collections
040 ## - CATALOGING SOURCE
Original cataloging agency CRL
Transcribing agency CRL
Language of cataloging hin
041 ## - LANGUAGE CODE
Source of code hin
Language code of text/sound track or separate title hin
100 ## - MAIN ENTRY--PERSONAL NAME
Personal name पाण्डेय, कमला दत्त, संपा.
245 #0 - TITLE STATEMENT
Title हिन्दू पंच
Remainder of title बलिदान अंक
260 ## - PUBLICATION, DISTRIBUTION, ETC.
Place of publication, distribution, etc. दिल्ली
Name of publisher, distributor, etc. स्वर्ण जयंती
Date of publication, distribution, etc. 1997
300 ## - PHYSICAL DESCRIPTION
Extent 301पृ0, ्
Dimensions cm.
942 ## - ADDED ENTRY ELEMENTS (KOHA)
Classification part V2:51k, 152N7(RR)
Koha item type
Source of classification or shelving scheme Colon Classification (CC)

No items available.

Copyright @ Delhi University Library System